[Event "136th YMCA Winter C"]
[Site "Warszawa"]
[Date "2014.01.28"]
[Round "4"]
[White "Kaniewska, Emilia"]
[Black "Zbrzeski, Piotr"]
[Result "0-1"]
[WhiteElo "1713"]
[BlackElo "1782"]
[PlyCount "126"]
[EventDate "2014.01.06"]
[EventType "tourn"]
[EventRounds "1"]
[EventCountry "POL"]
[SourceDate "2014.01.06"]

1. Nf3 d5 2. c4 c6 3. e3 Nf6 4. b3 e6 5. Be2 Be7 6. O-O O-O 7. Bb2 Nbd7 8. d4
Ne4 9. Nbd2 Ndf6 10. Qc2 b6 11. Ne5 Bb7 12. f3 Nxd2 13. Qxd2 Rc8 14. Bd3 c5 15.
Rae1 Nd7 16. Nxd7 Qxd7 17. dxc5 Bxc5 18. Qc2 f5 19. Kh1 Rfd8 20. Re2 dxc4 21.
Bxc4 b5 22. Qxf5 bxc4 23. Qg5 Qe7 24. Qg4 cxb3 25. axb3 Ba6 26. Ree1 Bxf1 27.
Rxf1 Bxe3 28. h3 Rc2 29. Be5 Rcd2 30. f4 Bd4 31. Bxd4 R2xd4 32. Re1 e5 33. Qf5
Qf6 34. Rxe5 Qxf5 35. Rxf5 Rb4 36. Ra5 Rxb3 37. Rxa7 Rb4 38. g3 Rb2 39. Ra1 Kf7
40. Kg1 Ke6 41. Re1+ Kf6 42. g4 Rdd2 43. f5 Kg5 44. Kf1 Rh2 45. Kg1 Rbg2+ 46.
Kf1 Rh1+ 47. Kxg2 Rxe1 48. Kg3 Re3+ 49. Kg2 Kh4 50. Kf2 Rxh3 51. g5 Kxg5 52.
Kg2 Kxf5 53. Kxh3 g5 54. Kg3 h5 55. Kh3 g4+ 56. Kg3 h4+ 57. Kg2 Kf4 58. Kh2 g3+
59. Kg2 h3+ 60. Kg1 Kf3 61. Kh1 g2+ 62. Kg1 h2+ 63. Kxh2 Kf2 0-1

[Event "136th YMCA Winter C"]
[Site "Warszawa"]
[Date "2014.02.03"]
[Round "4"]
[White "Szukalski, Antoni"]
[Black "Milczarek, Robert"]
[Result "0-1"]
[WhiteElo "1786"]
[BlackElo "1830"]
[PlyCount "66"]
[EventDate "2014.01.06"]
[EventType "tourn"]
[EventRounds "1"]
[EventCountry "POL"]
[SourceDate "2014.01.06"]

1. d4 Nf6 2. c4 g6 3. Nc3 Bg7 4. e4 d6 5. Nf3 O-O 6. Be2 Na6 7. O-O e5 8. d5
Nc5 9. Qc2 a5 10. a4 h6 11. Be3 b6 12. Ne1 Nh7 13. Nd3 f5 14. f3 f4 15. Bf2 g5
16. b4 axb4 17. Nxb4 h5 18. a5 bxa5 19. Nc6 Qf6 20. Bxc5 dxc5 21. h3 Rf7 22.
Nxa5 Bf8 23. Nb3 Rxa1 24. Rxa1 g4 25. Ra8 Bd7 26. hxg4 hxg4 27. fxg4 Rg7 28.
Qd1 Qh4 29. Nxc5 Bxg4 30. Ne6 Bxe2 31. Qxe2 Rg3 32. Nxf8 Nxf8 33. Qe1 Rxg2+ 0-1

[Event "136th YMCA Winter C"]
[Site "Warszawa"]
[Date "2014.01.31"]
[Round "4"]
[White "Judek, Magdalena"]
[Black "Krzyzanowski, Antoni"]
[Result "1-0"]
[WhiteElo "1794"]
[BlackElo "1731"]
[PlyCount "147"]
[EventDate "2014.01.06"]
[EventType "tourn"]
[EventRounds "1"]
[EventCountry "POL"]
[SourceDate "2014.01.06"]

1. d4 f5 2. Nf3 Nf6 3. c4 e6 4. Nc3 Be7 5. g3 O-O 6. Bg2 d6 7. O-O Qe8 8. Re1
Qg6 9. b4 c6 10. Qd3 d5 11. c5 h6 12. Bf4 Qh5 13. Bxb8 Rxb8 14. Ne5 Ng4 15.
Nxg4 fxg4 16. e4 Bg5 17. Rab1 Bd7 18. b5 Rxf2 19. Kxf2 Qxh2 20. Rf1 Rf8+ 21.
Ke1 Qxg2 22. Rxf8+ Kxf8 23. bxc6 Bxc6 24. e5 h5 25. Qf1+ Qxf1+ 26. Kxf1 Bd2 27.
Ne2 g5 28. Kf2 Kg7 29. Rb2 Ba5 30. Ke3 Kg6 31. Rb1 h4 32. Rf1 h3 33. Nc1 Bb5
34. Rf6+ Kh5 35. Kf2 Bc3 36. Ne2 Bxe2 37. Kxe2 Bxd4 38. Rxe6 Bxc5 39. Rf6 h2
40. Rf1 Kg6 41. e6 b5 42. Kd3 a5 43. Kc3 a4 44. Kc2 b4 45. Kb2 Kg7 46. Rf7+ Kg6
47. Rf1 Kg7 48. Rf7+ Kh8 49. Rf1 Kg8 50. Kb1 Bd6 51. Kb2 h1=Q 52. Rxh1 Bxg3 53.
Rg1 Bf4 54. Rxg4 Kf8 55. Rg2 Ke7 56. Re2 Bd6 57. Kc2 g4 58. Kd3 g3 59. Kd4 g2
60. Rxg2 Kxe6 61. Re2+ Kf5 62. Kxd5 Bf4 63. Rf2 Kg4 64. Rb2 b3 65. axb3 axb3
66. Rxb3 Bc7 67. Ke4 Kg5 68. Rf3 Bb8 69. Rf5+ Kg4 70. Rf8 Bc7 71. Rg8+ Kh5 72.
Kf5 Kh4 73. Rg4+ Kh5 74. Rg7 1-0

[Event "136th YMCA Winter C"]
[Site "Warszawa"]
[Date "2014.02.03"]
[Round "4"]
[White "Pajak, Jakub"]
[Black "Kacprzak, Karol"]
[Result "0-1"]
[WhiteElo "1718"]
[BlackElo "1779"]
[PlyCount "68"]
[EventDate "2014.01.06"]
[EventType "tourn"]
[EventRounds "1"]
[EventCountry "POL"]
[SourceDate "2014.01.06"]

1. e4 c6 2. c4 d5 3. exd5 cxd5 4. d4 Nf6 5. Nc3 e6 6. Bd3 dxc4 7. Bxc4 Be7 8.
Nf3 O-O 9. O-O Nc6 10. a3 Qa5 11. Bd2 Qf5 12. h3 Rd8 13. Be3 h6 14. b4 a6 15.
Rc1 Bd7 16. Bd3 Qh5 17. Ne2 Nd5 18. Bd2 f6 19. Qc2 Be8 20. Ng3 Qf7 21. Be3 g5
22. Ne4 f5 23. Nc5 Bf6 24. Rfe1 Nxe3 25. Rxe3 Nxd4 26. Nxd4 Bxd4 27. Rxe6 Bxc5
28. Bxf5 Rd5 29. Rg6+ Kf8 30. Rxh6 Qxf5 31. Qxf5+ Rxf5 32. bxc5 Kg7 33. Rd6 Bc6
34. Re1 Raf8 0-1

[Event "136th YMCA Winter C"]
[Site "Warszawa"]
[Date "2014.01.29"]
[Round "4"]
[White "Tegi, Robert"]
[Black "Staniak, Mariusz"]
[Result "1/2-1/2"]
[WhiteElo "1733"]
[BlackElo "1804"]
[PlyCount "136"]
[EventDate "2014.01.06"]
[EventType "tourn"]
[EventRounds "1"]
[EventCountry "POL"]
[SourceDate "2014.01.06"]

1. d4 Nf6 2. c4 e6 3. Nf3 b6 4. g3 Ba6 5. b3 Bb4+ 6. Bd2 Be7 7. Bg2 c6 8. O-O
d5 9. Qc2 O-O 10. a4 Nbd7 11. a5 Qc8 12. Rc1 Bb7 13. Nc3 bxa5 14. Rxa5 Bb4 15.
Ra2 a5 16. Na4 Ra6 17. Bxb4 axb4 18. Qd2 dxc4 19. Qxb4 cxb3 20. Qxb3 Qa8 21.
Rca1 Rb8 22. Qc4 Bc8 23. Nd2 Nd5 24. Nc5 Nxc5 25. dxc5 Rxa2 26. Rxa2 Qb7 27. e4
Nf6 28. Bf1 Nd7 29. f4 Ra8 30. Rxa8 Qxa8 31. e5 Qa3 32. Ne4 Qe3+ 33. Kg2 Ba6
34. Qxa6 Qxe4+ 35. Kh3 g5 36. Qc8+ Nf8 37. Qd8 Qf5+ 38. Kg2 gxf4 39. Bd3 Qxe5
40. gxf4 Qxf4 41. Bxh7+ Kxh7 42. Qxf8 Qg5+ 43. Kf3 Qf6+ 44. Ke2 Qe5+ 45. Kf3
Qc3+ 46. Ke2 Qc2+ 47. Kf3 Qd3+ 48. Kf2 Qd2+ 49. Kf3 Qd1+ 50. Kf2 Qd4+ 51. Kf3
Qf6+ 52. Ke2 Qe5+ 53. Kf3 Qh5+ 54. Kg3 Qg5+ 55. Kf3 Qf6+ 56. Ke2 Qb2+ 57. Ke3
Qc1+ 58. Ke2 Qc4+ 59. Ke3 Qb3+ 60. Ke2 Qa2+ 61. Ke3 Qa3+ 62. Ke2 Qa6+ 63. Ke3
Qa3+ 64. Ke2 Qb2+ 65. Ke3 Qe5+ 66. Kf3 Qh5+ 67. Kg3 Qg6+ 68. Kf3 Qf6+ 1/2-1/2

[Event "136th YMCA Winter C"]
[Site "Warszawa"]
[Date "2014.01.28"]
[Round "4"]
[White "Sylwestrzuk, Mariusz"]
[Black "Chylewski, Patryk"]
[Result "0-1"]
[WhiteElo "1709"]
[BlackElo "1749"]
[PlyCount "54"]
[EventDate "2014.01.06"]
[EventType "tourn"]
[EventRounds "1"]
[EventCountry "POL"]
[SourceDate "2014.01.06"]

1. e4 c5 2. Nf3 d6 3. d4 cxd4 4. Nxd4 Nf6 5. Nc3 a6 6. Bg5 Nbd7 7. f4 Qc7 8.
Qf3 h6 9. Bh4 g5 10. fxg5 hxg5 11. Bg3 Ne5 12. Bxe5 dxe5 13. Nf5 g4 14. Qf2
Bxf5 15. Qxf5 Bh6 16. Qf2 O-O-O 17. Bd3 Kb8 18. Ne2 Bd2+ 19. Kf1 g3 20. Nxg3
Bf4 21. Ke2 Ng4 22. Qf3 Nxh2 23. Qf2 Rxd3 24. cxd3 Qc2+ 25. Ke1 Bxg3 26. Qxg3
Nf3+ 27. Qxf3 Rxh1+ 0-1

[Event "136th YMCA Winter C"]
[Site "Warszawa"]
[Date "2014.02.10"]
[Round "5"]
[White "Chylewski, Patryk"]
[Black "Kaniewska, Emilia"]
[Result "0-1"]
[WhiteElo "1749"]
[BlackElo "1713"]
[PlyCount "78"]
[EventDate "2014.01.06"]
[EventType "tourn"]
[EventRounds "1"]
[EventCountry "POL"]
[SourceDate "2014.01.06"]

1. e4 c5 2. Nf3 d6 3. d4 cxd4 4. Nxd4 Nf6 5. Nc3 a6 6. Bg5 Nbd7 7. f4 Qc7 8.
Qf3 b5 9. Bd3 Bb7 10. O-O-O e6 11. Bxf6 Nxf6 12. g4 Be7 13. g5 Nd7 14. h4 Nc5
15. h5 O-O-O 16. Kb1 Kb8 17. a3 Rhe8 18. Rhe1 Bf8 19. Qe3 g6 20. Be2 Bg7 21.
Bf3 Rd7 22. b4 Na4 23. Nxa4 bxa4 24. Rd3 Rc8 25. e5 dxe5 26. fxe5 Bxf3 27. Qxf3
Rd5 28. c3 Rxe5 29. Rxe5 Bxe5 30. hxg6 hxg6 31. Qd1 Qc4 32. Rf3 Bxd4 33. cxd4
e5 34. d5 Rd8 35. d6 e4 36. Rf6 e3 37. d7 e2 38. Qg1 Qd3+ 39. Kc1 Qc3+ 0-1

[Event "136th YMCA Winter C"]
[Site "Warszawa"]
[Date "2014.02.03"]
[Round "5"]
[White "Staniak, Mariusz"]
[Black "Sylwestrzuk, Mariusz"]
[Result "1-0"]
[WhiteElo "1804"]
[BlackElo "1709"]
[PlyCount "103"]
[EventDate "2014.01.06"]
[EventType "tourn"]
[EventRounds "1"]
[EventCountry "POL"]
[SourceDate "2014.01.06"]

1. c4 e5 2. Nc3 Nf6 3. Nf3 Nc6 4. g3 d5 5. cxd5 Nxd5 6. Bg2 Nb6 7. O-O Be7 8.
d3 O-O 9. Be3 Be6 10. Rc1 f6 11. a3 Qd7 12. Ne4 Bh3 13. Bc5 Bxg2 14. Kxg2 Rfd8
15. Bxe7 Qxe7 16. Nc5 e4 17. Nxe4 Nd4 18. Nxd4 Rxd4 19. Qb3+ Kh8 20. Qc3 Rad8
21. Qxc7 R4d7 22. Qc5 Qe6 23. Qb5 Nd5 24. Nc5 Qxe2 25. h3 Re7 26. Kg1 Qf3 27.
Ne4 Re5 28. Qa5 b6 29. Qd2 Rh5 30. Qd1 Qf5 31. Qg4 Qxg4 32. hxg4 Re5 33. Nd6
Kg8 34. Nf5 g6 35. Nd4 Ne7 36. Nc6 Nxc6 37. Rxc6 Kf7 38. Rc7+ Re7 39. Rxe7+
Kxe7 40. Rd1 Rd4 41. f3 Kd7 42. Kf2 b5 43. Ke3 Rd6 44. Rh1 Re6+ 45. Kd4 Rd6+
46. Kc3 Kc6 47. Rxh7 a6 48. Rg7 g5 49. f4 gxf4 50. gxf4 Re6 51. Rg6 Kd5 52. g5
1-0

[Event "136th YMCA Winter C"]
[Site "Warszawa"]
[Date "2014.02.06"]
[Round "5"]
[White "Kacprzak, Karol"]
[Black "Tegi, Robert"]
[Result "1-0"]
[WhiteElo "1779"]
[BlackElo "1733"]
[PlyCount "85"]
[EventDate "2014.01.06"]
[EventType "tourn"]
[EventRounds "1"]
[EventCountry "POL"]
[SourceDate "2014.01.06"]

1. c4 c6 2. Nc3 d5 3. cxd5 cxd5 4. d4 e5 5. dxe5 d4 6. Ne4 Qa5+ 7. Nd2 Nc6 8.
Ngf3 Bg4 9. Qb3 Bb4 10. g3 Bxf3 11. Qxf3 Qxe5 12. Bg2 Nf6 13. O-O O-O 14. a3
Bc5 15. Nb3 Bb6 16. Bf4 Qe6 17. Rac1 Nd7 18. Nd2 Rac8 19. Ne4 Nce5 20. Qh5 Qg6
21. Qh3 f5 22. Ng5 Rxc1 23. Rxc1 h6 24. Bd5+ Kh8 25. Be6 Nc5 26. Ba2 Nc6 27.
Rxc5 Bxc5 28. Ne6 Re8 29. Nxc5 Rxe2 30. Nd3 Qf6 31. Kf1 Re7 32. Qh5 Kh7 33. h4
b6 34. Qf3 g5 35. Qd5 Rg7 36. hxg5 hxg5 37. Be5 Nxe5 38. Nxe5 d3 39. Nxd3 f4
40. Qe4+ Kh6 41. Ne5 Re7 42. Ng4+ Kg7 43. Nxf6 1-0

[Event "136th YMCA Winter C"]
[Site "Warszawa"]
[Date "2014.02.12"]
[Round "5"]
[White "Krzyzanowski, Antoni"]
[Black "Pajak, Jakub"]
[Result "0-1"]
[WhiteElo "1731"]
[BlackElo "1718"]
[PlyCount "100"]
[EventDate "2014.01.06"]
[EventType "tourn"]
[EventRounds "1"]
[EventCountry "POL"]
[SourceDate "2014.01.06"]

1. d4 d5 2. c4 e6 3. Nc3 Nf6 4. Nf3 b6 5. Bf4 Bd6 6. Ne5 O-O 7. g4 Bb7 8. e3
dxc4 9. Rg1 c5 10. Nb5 cxd4 11. Bxc4 Bb4+ 12. Kf1 Nc6 13. Nxf7 Rxf7 14. Bxe6
Ba6 15. a4 dxe3 16. Bxf7+ Kxf7 17. fxe3 Qxd1+ 18. Rxd1 Rd8 19. Rxd8 Nxd8 20.
Kg2 Ne4 21. Kf3 Bb7 22. Ke2 a6 23. Nd4 Ne6 24. Be5 Nxd4+ 25. exd4 Bd5 26. Rc1
Bd6 27. Bxd6 Nxd6 28. Rc7+ Kf6 29. Rd7 Bc4+ 30. Kf3 Nf7 31. h4 h6 32. Kf4 g5+
33. hxg5+ hxg5+ 34. Kg3 Ke6 35. Rb7 b5 36. axb5 axb5 37. b3 Nd6 38. Rg7 Bxb3
39. Kf3 Nf7 40. Ke3 Bd1 41. d5+ Kf6 42. Rg8 Bxg4 43. Kd4 Bd7 44. Kc5 g4 45. Kb6
Ng5 46. Kc7 Bf5 47. Rb8 g3 48. Rxb5 g2 49. Rb1 Bxb1 50. d6 g1=Q 0-1

[Event "136th YMCA Winter C"]
[Site "Warszawa"]
[Date "2014.02.04"]
[Round "5"]
[White "Milczarek, Robert"]
[Black "Judek, Magdalena"]
[Result "0-1"]
[WhiteElo "1830"]
[BlackElo "1794"]
[PlyCount "48"]
[EventDate "2014.01.06"]
[EventType "tourn"]
[EventRounds "1"]
[EventCountry "POL"]
[SourceDate "2014.01.06"]

1. d4 Nf6 2. c4 e6 3. Nf3 Bb4+ 4. Bd2 Bxd2+ 5. Qxd2 O-O 6. Nc3 d5 7. e3 b6 8.
cxd5 exd5 9. Bd3 c5 10. dxc5 bxc5 11. O-O Bb7 12. Rfd1 Nbd7 13. Be2 Rc8 14.
Rac1 Re8 15. Qc2 Qe7 16. b3 d4 17. exd4 Bxf3 18. gxf3 cxd4 19. Rxd4 Rxc3 20.
Qxc3 Qxe2 21. Ra4 Ne5 22. Kg2 Nd5 23. Qd4 Qxf3+ 24. Kg1 Qh3 0-1

[Event "136th YMCA Winter C"]
[Site "Warszawa"]
[Date "2014.02.04"]
[Round "5"]
[White "Lewandrowski, Tomasz"]
[Black "Szukalski, Antoni"]
[Result "1-0"]
[WhiteElo "1817"]
[BlackElo "1786"]
[PlyCount "85"]
[EventDate "2014.01.06"]
[EventType "tourn"]
[EventRounds "1"]
[EventCountry "POL"]
[SourceDate "2014.01.06"]

1. b3 Nc6 2. Bb2 e5 3. e3 Nf6 4. Bb5 d6 5. d4 exd4 6. Bxc6+ bxc6 7. Qxd4 Be7 8.
Nc3 Bb7 9. f3 Qd7 10. O-O-O c5 11. Qd2 O-O-O 12. e4 h6 13. Nge2 Rhg8 14. Kb1
Kb8 15. Ng3 Qe6 16. Rhe1 Nd7 17. Nd5 Bf6 18. Qa5 Nb6 19. Nxf6 gxf6 20. Qd2 d5
21. Qc3 dxe4 22. Rxd8+ Rxd8 23. Nxe4 Bxe4 24. fxe4 f5 25. e5 c4 26. Qf3 cxb3
27. axb3 f6 28. Qf4 fxe5 29. Bxe5 Qc6 30. g3 Kb7 31. Qxf5 Rd2 32. h4 Nd5 33.
Qe4 Rd1+ 34. Kb2 Rxe1 35. Qxe1 Qe6 36. c4 Ne7 37. Qa5 Qd7 38. Bf4 Nf5 39. Qb4+
Kc8 40. c5 Qd3 41. Qa5 Qd4+ 42. Ka2 Qd7 43. c6 1-0

[Event "136th YMCA Winter C"]
[Site "Warszawa"]
[Date "2014.02.04"]
[Round "5"]
[White "Zbrzeski, Piotr"]
[Black "Major, Boguslaw"]
[Result "1-0"]
[WhiteElo "1782"]
[BlackElo "1800"]
[PlyCount "78"]
[EventDate "2014.01.06"]
[EventType "tourn"]
[EventRounds "1"]
[EventCountry "POL"]
[SourceDate "2014.01.06"]

1. d4 Nf6 2. c4 e6 3. Nc3 Bb4 4. Qc2 c5 5. Nf3 Nc6 6. dxc5 Bxc5 7. Bg5 h6 8.
Bh4 g5 9. Bg3 Nh5 10. e3 Nxg3 11. hxg3 f5 12. a3 g4 13. Nd2 a6 14. O-O-O Qg5
15. Kb1 O-O 16. Na4 Ba7 17. c5 Ne5 18. Nc4 Nxc4 19. Bxc4 d5 20. Ba2 Bd7 21. Nb6
Bxb6 22. cxb6 Rac8 23. Qb3 Rc5 24. Rd4 Rfc8 25. a4 Kg7 26. Qd3 Qd8 27. Qd2 Qg5
28. Bb3 a5 29. Rh4 R8c6 30. Bd1 h5 31. f3 Rc1+ 32. Ka2 e5 33. Rd3 Be6 34. Bb3
Qe7 35. Rxh5 d4 36. exd4 Bxb3+ 37. Rxb3 R1c4 38. dxe5 Rxa4+ 39. Kb1 Kg6 1-0

[Event "136th YMCA Winter C"]
[Site "Warszawa"]
[Date "2014.02.11"]
[Round "6"]
[White "Kaniewska, Emilia"]
[Black "Major, Boguslaw"]
[Result "1-0"]
[WhiteElo "1713"]
[BlackElo "1800"]
[PlyCount "61"]
[EventDate "2014.01.06"]
[EventType "tourn"]
[EventRounds "1"]
[EventCountry "POL"]
[SourceDate "2014.01.06"]

1. Nf3 d5 2. c4 c6 3. e3 Nf6 4. b3 Bf5 5. Be2 e6 6. O-O h6 7. Bb2 Bd6 8. d4
Nbd7 9. Nbd2 O-O 10. Ne5 Ne4 11. f4 Nxd2 12. Qxd2 Nf6 13. g4 Ne4 14. Qe1 Bh7
15. Kh1 Be7 16. Nf3 Nd6 17. Ba3 Be4 18. Kg1 f5 19. Ne5 Kh7 20. Bxd6 Bxd6 21.
Qg3 Be7 22. g5 g6 23. Qh3 h5 24. Bxh5 Kg7 25. Nxg6 Rg8 26. Qh4 dxc4 27. Be2 Bf8
28. Qh6+ Kf7 29. Ne5+ Ke7 30. Qf6+ Kd6 31. Nf7+ 1-0

[Event "136th YMCA Winter C"]
[Site "Warszawa"]
[Date "2014.02.11"]
[Round "6"]
[White "Szukalski, Antoni"]
[Black "Zbrzeski, Piotr"]
[Result "1/2-1/2"]
[WhiteElo "1786"]
[BlackElo "1782"]
[PlyCount "88"]
[EventDate "2014.01.06"]
[EventType "tourn"]
[EventRounds "1"]
[EventCountry "POL"]
[SourceDate "2014.01.06"]

1. e4 Nf6 2. e5 Nd5 3. Nf3 d6 4. c4 Nb6 5. d4 Bg4 6. Be2 dxe5 7. c5 N6d7 8. Qb3
Qc8 9. Ng5 Be6 10. Nxe6 fxe6 11. Qxe6 exd4 12. Nd2 Nc6 13. Ne4 Nd8 14. Qd5 Nf6
15. Qxd4 Nc6 16. Nxf6+ exf6 17. Bh5+ Ke7 18. Qc3 Qe6+ 19. Be3 Qe5 20. Qb3 Nd8
21. Bf3 c6 22. O-O Qe6 23. Qc2 Nf7 24. Rfe1 Ne5 25. Bd4 Kf7 26. Be2 Rd8 27.
Bxe5 fxe5 28. Bc4 Rd5 29. b4 Be7 30. Qb3 Rhd8 31. f4 e4 32. f5 Qe5 33. Qe3 Kf8
34. Qxe4 Qxe4 35. Rxe4 Rd1+ 36. Rxd1 Rxd1+ 37. Kf2 a5 38. bxa5 Bxc5+ 39. Kf3
Bd6 40. h3 Rd2 41. Re2 Rd4 42. Re4 Rd2 43. Re2 Rd4 44. Re4 Rd2 1/2-1/2

[Event "136th YMCA Winter C"]
[Site "Warszawa"]
[Date "2014.02.11"]
[Round "6"]
[White "Judek, Magdalena"]
[Black "Lewandrowski, Tomasz"]
[Result "0-1"]
[WhiteElo "1794"]
[BlackElo "1817"]
[PlyCount "74"]
[EventDate "2014.01.06"]
[EventType "tourn"]
[EventRounds "1"]
[EventCountry "POL"]
[SourceDate "2014.01.06"]

1. e4 d6 2. d4 g6 3. Nf3 Bg7 4. Bc4 c6 5. O-O Nf6 6. e5 dxe5 7. Nxe5 O-O 8. Re1
b5 9. Bb3 a5 10. a4 b4 11. Be3 Nd5 12. Qc1 Qb6 13. Nf3 Bg4 14. Nbd2 Nxe3 15.
fxe3 Bxf3 16. Nxf3 Nd7 17. Qd2 Rad8 18. Rad1 Ne5 19. Nxe5 Bxe5 20. Qf2 Bg7 21.
Rf1 e6 22. Qh4 Qa7 23. Qg5 h6 24. Qg4 Kh7 25. Kh1 Rd7 26. Bc4 Rfd8 27. Rd2 c5
28. c3 bxc3 29. bxc3 cxd4 30. exd4 Rc7 31. Bxe6 fxe6 32. Qxe6 Re7 33. Qb3 Rf8
34. Rfd1 Ref7 35. Qc4 Qc7 36. Qd3 Qxc3 37. Qe2 Qxd2 0-1

[Event "136th YMCA Winter C"]
[Site "Warszawa"]
[Date "2014.02.11"]
[Round "6"]
[White "Pajak, Jakub"]
[Black "Milczarek, Robert"]
[Result "1-0"]
[WhiteElo "1718"]
[BlackElo "1830"]
[PlyCount "125"]
[EventDate "2014.01.06"]
[EventType "tourn"]
[EventRounds "1"]
[EventCountry "POL"]
[SourceDate "2014.01.06"]

1. e4 c5 2. Nf3 d6 3. d4 cxd4 4. Nxd4 Nf6 5. Nc3 a6 6. Be3 Ng4 7. Qd2 Nxe3 8.
Qxe3 Nc6 9. Bc4 e6 10. O-O-O Qc7 11. Bb3 Be7 12. h4 O-O 13. f3 Na5 14. g4 Nxb3+
15. axb3 b5 16. g5 b4 17. Nce2 Bd7 18. f4 Rac8 19. Qd2 Qa5 20. Kb1 Rfd8 21. h5
e5 22. Nf5 Bxf5 23. exf5 exf4 24. Qxf4 Qc5 25. Nd4 Qe5 26. Qg4 d5 27. f6 Bf8
28. fxg7 Bxg7 29. g6 fxg6 30. hxg6 h6 31. Rhe1 Qc7 32. Qe6+ Kh8 33. Rh1 Re8 34.
Qxd5 Rcd8 35. Ne6 Rxd5 36. Nxc7 Rxd1+ 37. Rxd1 Rc8 38. Nxa6 Bf8 39. Rd4 Kg7 40.
Nxb4 Kxg6 41. c3 h5 42. Kc2 Kg5 43. Kd2 Re8 44. Nd3 Kf5 45. b4 Bh6+ 46. Kd1 Be3
47. Rd5+ Kg4 48. Ne5+ Kg3 49. Nc4 h4 50. Nxe3 Rxe3 51. b5 h3 52. Rh5 h2 53. Kd2
Re5 54. Rxh2 Kxh2 55. c4 Kg3 56. Kd3 Kf4 57. Kd4 Re8 58. b6 Rd8+ 59. Kc5 Ke5
60. b7 Rb8 61. Kb6 Kd6 62. c5+ Kd5 63. c6 1-0

[Event "136th YMCA Winter C"]
[Site "Warszawa"]
[Date "2014.02.13"]
[Round "6"]
[White "Tegi, Robert"]
[Black "Krzyzanowski, Antoni"]
[Result "1-0"]
[WhiteElo "1733"]
[BlackElo "1731"]
[PlyCount "129"]
[EventDate "2014.01.06"]
[EventType "tourn"]
[EventRounds "1"]
[EventCountry "POL"]
[SourceDate "2014.01.06"]

1. d4 e6 2. c4 f5 3. g3 Nf6 4. Bg2 Bb4+ 5. Bd2 a5 6. Nf3 O-O 7. O-O Ne4 8. a3
Nxd2 9. Nfxd2 Be7 10. Nc3 d6 11. f4 Nd7 12. e4 c6 13. Nf3 Nf6 14. Qe2 d5 15.
exf5 exf5 16. c5 Ne4 17. Na4 Ra6 18. Ne5 g5 19. Rad1 gxf4 20. gxf4 Be6 21. Rf3
Kh8 22. Rh3 Rf6 23. Rdd3 Qg8 24. Kf1 Ra8 25. Nb6 Rd8 26. Rh5 Qg7 27. Rdh3 h6
28. Qe3 Rg8 29. Bxe4 dxe4 30. Rg3 Qh7 31. Rhh3 Rxg3 32. Rxg3 Bf7 33. Nbd7 Re6
34. Qg1 Be8 35. b4 axb4 36. axb4 h5 37. Nb6 h4 38. Rg2 h3 39. Ra2 Qh6 40. Qg3
Bh4 41. Qe3 Bh5 42. Ra8+ Kh7 43. Nbd7 Re8 44. Rxe8 Bxe8 45. Ke2 Bh5+ 46. Kd2
Be8 47. Kc3 Bxd7 48. Nxd7 Qh5 49. Ne5 Bf6 50. Kd2 Qh4 51. Ke2 Kh6 52. Nf7+ Kh5
53. Ne5 Bxe5 54. dxe5 Qg4+ 55. Ke1 Qg2 56. Qe2+ Qxe2+ 57. Kxe2 Kg6 58. Kf2 Kf7
59. Kg3 Ke6 60. Kxh3 e3 61. Kg3 Kd5 62. Kf3 Kd4 63. e6 Kd3 64. e7 e2 65. e8=Q
1-0

[Event "136th YMCA Winter C"]
[Site "Warszawa"]
[Date "2014.02.20"]
[Round "6"]
[White "Sylwestrzuk, Mariusz"]
[Black "Kacprzak, Karol"]
[Result "1/2-1/2"]
[WhiteElo "1709"]
[BlackElo "1779"]
[Annotator "Admin"]
[PlyCount "80"]
[EventDate "2014.01.06"]
[EventType "tourn"]
[EventRounds "1"]
[EventCountry "POL"]
[SourceDate "2014.01.06"]

1. e4 c6 2. d4 d5 3. exd5 cxd5 4. c4 Nf6 5. Nc3 e6 6. Nf3 Be7 7. c5 b6 8. Bb5+
Bd7 9. cxb6 Qxb6 10. Bxd7+ Nbxd7 11. O-O O-O 12. b3 Rac8 13. Qd3 Qc6 14. Bb2
Ne4 15. Rac1 Qa8 16. Qb5 Nxc3 17. Bxc3 Nf6 18. Bb2 a6 19. Qd3 Rxc1 20. Rxc1 Rc8
21. Ne5 Rxc1+ 22. Bxc1 Qc8 23. Bd2 Ne4 24. f3 Nd6 25. Qc3 Qxc3 26. Bxc3 Nb5 27.
Bb2 Kf8 28. a4 Nc7 29. Bc3 Ke8 30. Ba5 Bd6 31. Nc6 Na8 32. g3 Kd7 33. Nd8 f6
34. Nb7 Kc6 35. Nxd6 Kxd6 36. Bb4+ Kc6 37. f4 Nc7 38. Kf2 Ne8 39. Ke3 f5 40. h4
h5 $11 1/2-1/2

[Event "136th YMCA Winter C"]
[Site "Warszawa"]
[Date "2014.02.12"]
[Round "6"]
[White "Chylewski, Patryk"]
[Black "Staniak, Mariusz"]
[Result "1-0"]
[WhiteElo "1749"]
[BlackElo "1804"]
[PlyCount "111"]
[EventDate "2014.01.06"]
[EventType "tourn"]
[EventRounds "1"]
[EventCountry "POL"]
[SourceDate "2014.01.06"]

1. d4 Nf6 2. c4 e6 3. Nc3 Bb4 4. Qc2 c5 5. dxc5 Bxc5 6. Nf3 O-O 7. Bg5 b6 8. e3
Be7 9. Be2 Bb7 10. O-O Na6 11. Rfd1 Rc8 12. Nb5 d5 13. Nxa7 Rc5 14. a3 Qa8 15.
b4 Rc7 16. Nb5 Rcc8 17. Rac1 dxc4 18. Bxf6 Bxf6 19. Nd6 Rc7 20. Nxb7 Qxb7 21.
b5 Nc5 22. Bxc4 Ra8 23. Bd3 Rxa3 24. Bxh7+ Kh8 25. Be4 Qa7 26. Bc6 Ra2 27. Qc4
Ra4 28. Qe2 Rc8 29. Rc2 Rd8 30. Rxd8+ Bxd8 31. g3 Bf6 32. e4 Ra3 33. e5 Be7 34.
Rd2 Qa5 35. Nd4 Qc3 36. Be8 Bg5 37. f4 Ne4 38. fxg5 Qxd2 39. Qh5+ Kg8 40. Qxf7+
Kh7 41. Qg6+ Kh8 42. Qh5+ Kg8 43. Qf7+ Kh7 44. g6+ Kh6 45. Qf4+ Qxf4 46. gxf4
Nc5 47. f5 exf5 48. Nxf5+ Kg5 49. Nxg7 Ra2 50. h4+ Kg4 51. Nh5 Nd3 52. g7 Kf3
53. Bc6+ Ke3 54. g8=Q Ra1+ 55. Kg2 Ne1+ 56. Kg3 1-0

[Event "136th YMCA Winter C"]
[Site "Warszawa"]
[Date "2014.03.03"]
[Round "7"]
[White "Staniak, Mariusz"]
[Black "Kaniewska, Emilia"]
[Result "1-0"]
[WhiteElo "1804"]
[BlackElo "1713"]
[PlyCount "97"]
[EventDate "2014.01.06"]
[EventType "tourn"]
[EventRounds "1"]
[EventCountry "POL"]
[SourceDate "2014.01.06"]

1. c4 Nf6 2. Nc3 g6 3. g3 Bg7 4. Bg2 O-O 5. e4 e5 6. Nge2 d6 7. d3 Nc6 8. O-O
Nd4 9. Nxd4 exd4 10. Ne2 c5 11. h3 Rb8 12. f4 Re8 13. Kh2 b5 14. b3 bxc4 15.
bxc4 Bd7 16. e5 dxe5 17. fxe5 Nh5 18. Nf4 Rxe5 19. Nd5 Re6 20. Qf3 Qf8 21. Bg5
Be5 22. Bh4 f5 23. Rae1 Rbe8 24. Qf2 Bc6 25. Bf3 Ng7 26. Kg1 Qd6 27. g4 g5 28.
Bxg5 Bg3 29. Qg2 Bxe1 30. gxf5 Nxf5 31. Bf4+ Rg6 32. Bxd6 Rxg2+ 33. Bxg2 Nxd6
34. Nf6+ Kg7 35. Nxe8+ Bxe8 36. Rxe1 Bg6 37. Re6 Nf5 38. Be4 Kf7 39. Ra6 Ne3
40. Bxg6+ hxg6 41. Rxa7+ Ke6 42. Ra6+ Kf5 43. Rc6 Kf4 44. Rxg6 Nf5 45. Rf6 Ke5
46. Rxf5+ Kxf5 47. a4 Kf4 48. Kf2 Ke5 49. h4 1-0

[Event "136th YMCA Winter C"]
[Site "Warszawa"]
[Date "2014.01.27"]
[Round "7"]
[White "Kacprzak, Karol"]
[Black "Chylewski, Patryk"]
[Result "1/2-1/2"]
[WhiteElo "1779"]
[BlackElo "1749"]
[Annotator "Admin"]
[PlyCount "126"]
[EventDate "2014.01.06"]
[EventType "tourn"]
[EventRounds "1"]
[EventCountry "POL"]
[SourceDate "2014.01.06"]

1. c4 e5 2. Nc3 Nf6 3. g3 d5 4. cxd5 Nxd5 5. Bg2 Nb6 6. Nf3 Nc6 7. O-O Be7 8.
d3 O-O 9. Be3 Be6 10. Ne4 Nd5 11. Bc5 f5 12. Bxe7 Qxe7 13. Neg5 Kh8 14. Nxe6
Qxe6 15. Ng5 Qd7 16. Qb3 h6 17. Qxd5 Qxd5 18. Bxd5 hxg5 19. Bxc6 bxc6 20. Rac1
Rab8 21. b3 Rb6 22. Rc5 Re8 23. Rfc1 Re6 24. Ra5 a6 25. Rcc5 Rb5 26. Raxb5 cxb5
27. Rxc7 Kh7 28. Kg2 Kg6 29. a4 bxa4 30. bxa4 Kh7 31. a5 Rd6 $11 32. Rc5 Re6
33. Kf3 g4+ 34. Ke3 Kg8 35. f3 gxf3 36. exf3 g6 37. d4 exd4+ 38. Kxd4 Re2 39.
Rc6 Kg7 40. Rxa6 Rxh2 41. Ke5 Ra2 42. Ra7+ Kh6 43. Kf6 Ra3 44. Rg7 Rxf3 45.
Rxg6+ Kh7 46. Rg5 f4 47. gxf4 Rxf4+ 48. Ke6 Kh6 49. Rd5 Kg6 50. Kd6 Kf6 51. Kc6
Ke6 52. Rd2 Rc4+ 53. Kb5 Rc1 54. a6 Rb1+ 55. Kc6 Rc1+ 56. Kb7 Rb1+ 57. Ka7 Ke7
58. Rd5 Rb2 59. Ka8 Rb1 60. Rh5 Kd7 61. Rh7+ Kc8 62. Rb7 Rc1 63. Rb5 Kc7
1/2-1/2